[Event "South America-ch U12 12th"]
[Site "Santa Cruz"]
[Date "2015.12.06"]
[Round "7"]
[White "Landa Medrano, Gabriel Aaron"]
[Black "Rojas, Steven"]
[Result "0-1"]
[WhiteElo "1911"]
[BlackElo "1790"]
[PlyCount "112"]
[EventDate "2015.12.02"]
[EventType "swiss"]
[EventRounds "9"]
[EventCountry "BOL"]
[SourceTitle "CBM 170 Extra"]
[Source "ChessBase"]
[SourceDate "2016.02.25"]
[SourceVersion "1"]
[SourceVersionDate "2016.02.25"]
[SourceQuality "1"]

1. e4 c5 2. Nf3 d6 3. d4 cxd4 4. Nxd4 Nf6 5. Nc3 a6 6. Be2 e6 7. a4 Be7 8. Be3 0-0 9. 0-0 Qc7 10. f4 Nc6 11. Bf3 Na5 12. Kh1 Nc4 13. Bc1 Re8 14. b3 Ne3 15. Bxe3 Qxc3 16. Qd2 Qxd2 17. Bxd2 Rb8 18. c4 Bd8 19. Bb4 Bc7 20. Rfe1 Nd7 21. g3 Nc5 22. Re3 Bb6 23. Rd1 Rd8 24. a5 Ba7 25. Nc2 b5 26. e5 bxc4 27. bxc4 Bb7 28. Bxb7 Nxb7 29. Red3 dxe5 30. fxe5 Rxd3 31. Rxd3 Rd8 32. Rxd8+ Nxd8 33. Kg2 Nc6 34. Bc3 Bb8 35. Nb4 Nxb4 36. Bxb4 Bxe5 37. Bc5 f5 38. Ba7 Kf7 39. h3 Ke7 40. g4 Bc7 41. Bd4 g6 42. Bc3 Kd6 43. gxf5 exf5 44. Bb4+ Ke5 45. Bc3+ Ke4 46. c5 Kd5 47. Bb4 Kc4 48. Be1 Kxc5 49. h4 Kb5 50. h5 Bxa5 51. Bf2 Bc3 52. Be3 a5 53. Bc1 a4 54. hxg6 hxg6 55. Kf2 Kb4 56. Ke2 a3 0-1

[Event "South America-ch U12 12th"]
[Site "Santa Cruz"]
[Date "2015.12.05"]
[Round "6"]
[White "Landa Medrano, Gabriel Aaron"]
[Black "Avila, Milder Alexander"]
[Result "1-0"]
[WhiteElo "1911"]
[BlackElo "1687"]
[PlyCount "37"]
[EventDate "2015.12.02"]
[EventType "swiss"]
[EventRounds "9"]
[EventCountry "BOL"]
[SourceTitle "CBM 170 Extra"]
[Source "ChessBase"]
[SourceDate "2016.02.25"]
[SourceVersion "1"]
[SourceVersionDate "2016.02.25"]
[SourceQuality "1"]

1. d4 Nf6 2. Bg5 e6 3. e4 d6 4. Bd3 Be7 5. Nf3 Nbd7 6. Nbd2 b6 7. e5 Nd5 8. Bxe7 Nxe7 9. 0-0 Bb7 10. Qe2 c5 11. Nc4 0-0 12. Bxh7+ Kxh7 13. Ng5+ Kh6 14. Qg4 Nf5 15. f4 dxe5 16. dxe5 Nxe5 17. Nxe5 Bxg2 18. Ngxf7+ Rxf7 19. Qg6# 1-0

[Event "South America-ch U12 12th"]
[Site "Santa Cruz"]
[Date "2015.12.05"]
[Round "5"]
[White "Rodriguez Mayorca, Joseph"]
[Black "Landa Medrano, Gabriel Aaron"]
[Result "1/2-1/2"]
[WhiteElo "1733"]
[BlackElo "1911"]
[PlyCount "59"]
[EventDate "2015.12.02"]
[EventType "swiss"]
[EventRounds "9"]
[EventCountry "BOL"]
[SourceTitle "CBM 170 Extra"]
[Source "ChessBase"]
[SourceDate "2016.02.25"]
[SourceVersion "1"]
[SourceVersionDate "2016.02.25"]
[SourceQuality "1"]

1. c4 Nf6 2. Nc3 g6 3. g3 Bg7 4. Bg2 0-0 5. Nf3 Nc6 6. 0-0 d6 7. b3 a6 8. Bb2 Rb8 9. Nd5 e5 10. Nxf6+ Bxf6 11. d4 exd4 12. Nxd4 Nxd4 13. Bxd4 Re8 14. e3 Bf5 15. Qd2 Be4 16. Qc3 Kg7 17. Bxf6+ Qxf6 18. Qxf6+ Kxf6 19. Bxe4 Rxe4 20. Rad1 Rbe8 21. Rd2 h6 22. Rfd1 h5 23. Rd4 Rxd4 24. Rxd4 Kf5 25. Rf4+ Ke6 26. Re4+ Kd7 27. Rf4 Ke6 28. Re4+ Kd7 29. Rf4 Ke6 30. Re4+ 1/2-1/2

[Event "PER-ch School U14"]
[Site "Lima"]
[Date "2015.11.10"]
[Round "1"]
[White "Landa Medrano, Gabriel Aaron"]
[Black "Gutierrez, Franco"]
[Result "1-0"]
[WhiteElo "1983"]
[BlackElo "1569"]
[PlyCount "98"]
[EventDate "2015.11.10"]
[EventType "swiss"]
[EventRounds "5"]
[EventCountry "PER"]
[SourceTitle "EXT 2024"]
[Source "ChessBase"]
[SourceDate "2023.10.10"]
[SourceVersion "1"]
[SourceVersionDate "2023.10.10"]
[SourceQuality "1"]

1. e4 c5 2. Nf3 d6 3. d4 cxd4 4. Nxd4 Nf6 5. Nc3 e6 6. Be2 a6 7. Be3 Be7 8. a4 Nc6 9. f4 Qc7 10. 0-0 0-0 11. Kh1 Re8 12. Bf3 Rb8 13. g4 Bf8 14. g5 Nd7 15. Bg2 g6 16. Qe1 Bg7 17. Rd1 Na5 18. Ndb5 axb5 19. Nxb5 Qd8 20. Nxd6 Re7 21. e5 b6 22. Bd2 Ba6 23. Rf3 Bb7 24. Rh3 Bxg2+ 25. Kxg2 Qc7 26. Rc3 Qa7 27. Kg1 Qa8 28. Re3 Nf8 29. c4 Rc7 30. b3 Nd7 31. Nb5 Rcb7 32. Rh3 Nf8 33. Bb4 Rd8 34. Bd6 Rbd7 35. Qf2 Qc6 36. Rdd3 Qb7 37. Rde3 Qc6 38. Re1 Qb7 39. Qh4 Qc6 40. Qf2 Qb7 41. Rhe3 Qc6 42. Rc1 Rb7 43. b4 Ra8 44. bxa5 Rxa5 45. Qc2 Nd7 46. Bb4 Ra8 47. Rd1 Nc5 48. Rd6 Qc8 49. Rd1 Bf8 1-0

[Event "Wch U12"]
[Site "Porto Carras"]
[Date "2015.10.31"]
[Round "6"]
[White "Haring, Filip"]
[Black "Landa Medrano, Gabriel Aaron"]
[Result "1-0"]
[WhiteElo "2107"]
[BlackElo "1983"]
[PlyCount "73"]
[EventDate "2015.10.25"]
[EventType "swiss"]
[EventRounds "11"]
[EventCountry "GRE"]
[SourceTitle "CBM 169 Extra"]
[Source "ChessBase"]
[SourceDate "2015.12.18"]
[SourceVersion "1"]
[SourceVersionDate "2015.12.18"]
[SourceQuality "1"]

1. e4 e5 2. Nc3 Nc6 3. g3 g6 4. Bg2 Bg7 5. Nge2 Nge7 6. 0-0 0-0 7. d3 d6 8. f4 Be6 9. Nd5 f5 10. Nec3 Rb8 11. Be3 a6 12. Qd2 Nd4 13. fxe5 Bxd5 14. Nxd5 Nxd5 15. exd5 dxe5 16. Rae1 Qd7 17. b3 Nb5 18. c4 Nd6 19. c5 Nf7 20. Qc2 Rfd8 21. Qc4 a5 22. Rc1 c6 23. d6 Kh8 24. Bh3 Rf8 25. Qa4 Ra8 26. Qh4 Rae8 27. Rf2 Qe6 28. Rcf1 b6 29. Rxf5 Qd5 30. d7 gxf5 31. dxe8Q Rxe8 32. Bxf5 h6 33. Qh5 Re7 34. Qg6 Kg8 35. cxb6 c5 36. Be4 Qd7 37. Bxh6 1-0

[Event "Pan American-ch U12"]
[Site "Cali"]
[Date "2015.07.01"]
[Round "5"]
[White "Landa Medrano, Gabriel Aaron"]
[Black "Ledezma Villamizar, Gabriel Enrique"]
[Result "0-1"]
[WhiteElo "2057"]
[BlackElo "1569"]
[PlyCount "81"]
[EventDate "2015.06.28"]
[EventType "swiss"]
[EventRounds "9"]
[EventCountry "COL"]
[SourceTitle "EXT 2016"]
[Source "ChessBase"]
[SourceDate "2015.10.08"]
[SourceVersion "1"]
[SourceVersionDate "2015.10.08"]
[SourceQuality "1"]

1. e4 e6 2. d4 d5 3. Nd2 Nf6 4. e5 Nfd7 5. Bd3 c5 6. c3 Nc6 7. Ne2 cxd4 8. cxd4 Be7 9. 0-0 0-0 10. Nf3 Qb6 11. b3 Re8 12. Nf4 Nf8 13. Be3 Bd7 14. Nh5 Ng6 15. Nxg7 Kxg7 16. Ng5 Rh8 17. Qg4 Rag8 18. h4 h6 19. h5 Bxg5 20. hxg6 f5 21. exf6+ Bxf6 22. Rad1 Bxd4 23. Qf4 Rf8 24. Bxd4+ Qxd4 25. Qd6 Bc8 26. Qc7+ Kg8 27. Rde1 Qf4 28. Qxf4 Rxf4 29. g3 Rf6 30. f4 Kg7 31. Rc1 Rhf8 32. Rfe1 Bd7 33. a3 Rc8 34. Bb5 Nd4 35. Rxc8 Bxc8 36. Rc1 Nxb5 37. Rxc8 Rf8 38. Rc5 a6 39. a4 Nd6 40. Rc7+ Kxg6 41. Rxb7 0-1

[Event "Pan American-ch U12"]
[Site "Cali"]
[Date "2015.06.29"]
[Round "2"]
[White "Benavides, Juan Jose"]
[Black "Landa Medrano, Gabriel Aaron"]
[Result "0-1"]
[WhiteElo "1598"]
[BlackElo "2057"]
[PlyCount "134"]
[EventDate "2015.06.28"]
[EventType "swiss"]
[EventRounds "9"]
[EventCountry "COL"]
[SourceTitle "EXT 2016"]
[Source "ChessBase"]
[SourceDate "2015.10.08"]
[SourceVersion "1"]
[SourceVersionDate "2015.10.08"]
[SourceQuality "1"]

1. e4 c5 2. Nf3 d6 3. Bc4 e6 4. Bb3 Nf6 5. d3 Be7 6. c3 Nc6 7. Nbd2 0-0 8. 0-0 Rb8 9. Re1 b5 10. Bc2 Bb7 11. Nf1 Qc7 12. h3 d5 13. exd5 Nxd5 14. Ne3 Rfe8 15. Nxd5 exd5 16. Qe2 Bf8 17. Qd1 d4 18. Bb3 Na5 19. Bc2 Bxf3 20. gxf3 Qc6 21. Re4 f5 22. Re2 Qxf3 23. Rxe8 Qxd1+ 24. Bxd1 Rxe8 25. Bd2 dxc3 26. bxc3 Rd8 27. Bc2 Be7 28. Re1 Bf6 29. Re6 Nc4 30. Bc1 Nb6 31. Bb2 b4 32. d4 bxc3 33. Bxc3 Bxd4 34. Bd2 Bxf2+ 35. Kxf2 Rxd2+ 36. Ke1 Rd4 37. Bb3 Kf8 38. Ke2 Re4+ 39. Rxe4 fxe4 40. Ke3 Ke7 41. Kxe4 Kf6 42. Kf4 c4 43. Bc2 h6 44. h4 g5+ 45. Kg4 Nd5 46. Kf3 Ke5 47. hxg5 hxg5 48. a3 Kd4 49. Ke2 Kc3 50. Be4 Nf6 51. Bf5 Kb2 52. a4 c3 53. Kd1 Nd5 54. a5 g4 55. Be4 g3 56. Bxd5 c2+ 57. Ke2 g2 58. Bxg2 c1Q 59. Be4 Qa1 60. Bd3 Qxa5 61. Ke3 Qc5+ 62. Ke2 a5 63. Be4 Qc3 64. Bd5 Qe5+ 65. Kd1 Qe3 66. Bc4 Kc3 67. Ba2 Qd2# 0-1

[Event "Pan American-ch U12"]
[Site "Cali"]
[Date "2015.06.29"]
[Round "3"]
[White "Landa Medrano, Gabriel Aaron"]
[Black "Rojas, Steven"]
[Result "1/2-1/2"]
[WhiteElo "2057"]
[BlackElo "1742"]
[PlyCount "84"]
[EventDate "2015.06.28"]
[EventType "swiss"]
[EventRounds "9"]
[EventCountry "COL"]
[SourceTitle "EXT 2016"]
[Source "ChessBase"]
[SourceDate "2015.10.08"]
[SourceVersion "1"]
[SourceVersionDate "2015.10.08"]
[SourceQuality "1"]

1. e4 c5 2. Nf3 d6 3. d4 cxd4 4. Nxd4 Nf6 5. Nc3 a6 6. Be2 e6 7. a4 Be7 8. 0-0 0-0 9. Be3 Qc7 10. f4 Nc6 11. Kh1 Re8 12. Nb3 b6 13. Bf3 Rb8 14. g4 Bf8 15. g5 Nd7 16. Bg2 g6 17. Rf3 Bg7 18. Rh3 Nf8 19. Qg4 Na5 20. Rf1 Nc4 21. Bc1 b5 22. axb5 axb5 23. Qh4 Bd7 24. f5 b4 25. fxg6 hxg6 26. Ne2 e5 27. Rhf3 Be6 28. Bh3 Re7 29. Bxe6 Nxe6 30. Ng1 Na5 31. Nxa5 Qxa5 32. Be3 d5 33. Nh3 dxe4 34. Rg3 Nd4 35. Nf2 Nf5 36. Qh3 Nxg3+ 37. hxg3 Qb5 38. Ng4 Qe2 39. Rf2 Qd1+ 40. Kg2 Re6 41. Rf1 Qe2+ 42. Rf2 Qd1 1/2-1/2

[Event "Lima zt 2.4 "]
[Site "Lima"]
[Date "2015.05.05"]
[Round "2"]
[White "Landa Medrano, Gabriel Aaron"]
[Black "Alarco, Alvaro"]
[Result "1-0"]
[WhiteElo "2040"]
[BlackElo "2107"]
[PlyCount "141"]
[EventDate "2015.05.04"]
[EventType "swiss"]
[EventRounds "9"]
[EventCountry "PER"]
[SourceTitle "CBM 166 Extra"]
[Source "ChessBase"]
[SourceDate "2015.06.18"]
[SourceVersion "1"]
[SourceVersionDate "2015.06.18"]
[SourceQuality "1"]

1. e4 e6 2. d4 d5 3. Nd2 Be7 4. c3 c5 5. Ngf3 Nf6 6. e5 Nfd7 7. Bd3 Nc6 8. 0-0 a5 9. Re1 cxd4 10. cxd4 Qb6 11. Qa4 g5 12. Nb3 g4 13. Nfd2 h5 14. a3 h4 15. Nf1 g3 16. hxg3 hxg3 17. Nxg3 Qa7 18. Be3 Nb6 19. Qb5 Bd7 20. Nc5 Nxe5 21. dxe5 Bxb5 22. Bxb5+ Kf8 23. Nd7+ Nxd7 24. Bxa7 Rxa7 25. Bxd7 b6 26. Bb5 Rh4 27. Rac1 Bc5 28. Kf1 Ke7 29. Ke2 Bd4 30. Rc2 Bxe5 31. b3 Bd6 32. Kf1 Kf6 33. a4 Ra8 34. Re3 Bc5 35. Rf3+ Kg7 36. Bc6 Rah8 37. Bxd5 Rh1+ 38. Nxh1 Rxh1+ 39. Ke2 exd5 40. Rfc3 Bb4 41. Rc1 Rh2 42. Rg3+ Kf8 43. Rc8+ Ke7 44. Rc7+ Kf8 45. Rf3 Rh7 46. Rd7 Bc5 47. Rxd5 Ke7 48. Rff5 Rh1 49. Rd1 Rh4 50. g3 Rb4 51. Rd3 Re4+ 52. Kf3 Re1 53. Rxc5 bxc5 54. Re3+ Rxe3+ 55. Kxe3 Ke6 56. Ke4 f5+ 57. Kf4 Kd5 58. Kxf5 Kd4 59. g4 Kc3 60. g5 Kxb3 61. g6 c4 62. g7 c3 63. g8Q+ Kb2 64. Qg7 Kb3 65. Qf7+ Kb2 66. Qf6 Kb3 67. Qe6+ Kb2 68. Qe5 Kb3 69. Qb5+ Ka2 70. Qxa5 c2 71. Qc3 1-0

[Event "PER-ch"]
[Site "Lima"]
[Date "2015.05.02"]
[Round "5"]
[White "Contreras, Jose"]
[Black "Landa Medrano, Gabriel Aaron"]
[Result "1-0"]
[WhiteElo "2199"]
[BlackElo "2040"]
[PlyCount "63"]
[EventDate "2015.04.30"]
[EventType "swiss"]
[EventRounds "8"]
[EventCountry "PER"]
[SourceTitle "CBM 166 Extra"]
[Source "ChessBase"]
[SourceDate "2015.06.18"]
[SourceVersion "1"]
[SourceVersionDate "2015.06.18"]
[SourceQuality "1"]

1. d4 Nf6 2. c4 g6 3. Nc3 Bg7 4. e4 d6 5. Nf3 0-0 6. h3 e5 7. d5 a5 8. g4 Na6 9. Be3 Nd7 10. a3 Kh8 11. Rg1 Qe8 12. Be2 f5 13. gxf5 gxf5 14. exf5 Rxf5 15. Ng5 Ndc5 16. Nge4 Nxe4 17. Nxe4 Rf8 18. Bh5 Qe7 19. Bg5 Qd7 20. Bg4 Qf7 21. Bxc8 Raxc8 22. Be3 h6 23. Qg4 Rg8 24. 0-0-0 Rcf8 25. Qh4 Qf5 26. Bxh6 Qh7 27. Rxg7 Rxg7 28. Bxg7+ Kxg7 29. Rg1+ Kh8 30. Qg5 Nc5 31. Nxc5 b6 32. Ne6 1-0

[Event "World School-ch U11 10th"]
[Site "Juiz de Fora"]
[Date "2014.11.29"]
[Round "4"]
[White "Landa Medrano, Gabriel Aaron"]
[Black "Tarigan, Gilbert Elroy"]
[Result "1/2-1/2"]
[WhiteElo "1740"]
[BlackElo "1797"]
[PlyCount "185"]
[EventDate "2014.11.26"]
[EventType "swiss"]
[EventRounds "9"]
[EventCountry "BRA"]
[SourceTitle "EXT 2016"]
[Source "ChessBase"]
[SourceDate "2015.10.08"]
[SourceVersion "1"]
[SourceVersionDate "2015.10.08"]
[SourceQuality "1"]

1. e4 c6 2. d4 d5 3. Nc3 dxe4 4. Nxe4 Nf6 5. Nxf6+ gxf6 6. Nf3 e6 7. g3 b6 8. Bg2 Bb7 9. 0-0 Qc7 10. Re1 Nd7 11. a4 a5 12. c3 h5 13. Nh4 0-0-0 14. Rb1 c5 15. Bf4 Bd6 16. Bxd6 Qxd6 17. Bxb7+ Kxb7 18. Qf3+ Qc6 19. Qe2 c4 20. Qc2 Rc8 21. Rbd1 Qd5 22. Qe4 Qxe4 23. Rxe4 f5 24. Re2 Nf6 25. Nf3 Rc7 26. h4 Rg8 27. Ng5 Nd5 28. Kh2 Ra8 29. Rde1 b5 30. axb5 a4 31. Rc2 a3 32. bxa3 Rxa3 33. Rec1 Kb6 34. Nh3 Kxb5 35. Nf4 Nxf4 36. gxf4 Rca7 37. Rb1+ Rb3 38. Re1 Raa3 39. Re5+ Kb6 40. Re3 Kc6 41. Kg2 Kd6 42. Kf3 Ra1 43. Re5 Rh1 44. Kg3 Rg1+ 45. Kf3 Rh1 46. Kg3 Rd1 47. Rc5 Rd3+ 48. Kg2 Rbxc3 49. Rxc4 Rxc2 50. Rxc2 Rxd4 51. Kg3 Rd3+ 52. Kg2 Kd5 53. Rc7 Ke4 54. Rxf7 Kxf4 55. Rg7 Rd8 56. Rg5 Rh8 57. Rg3 e5 58. Rg5 e4 59. Kh2 Rf8 60. Kg2 Rf7 61. Rg3 Rd7 62. Kf1 e3 63. Rxe3 Kg4 64. Kg2 Kxh4 65. Rg3 Rd4 66. Rh3+ Kg5 67. Rb3 Rg4+ 68. Kh2 Kf4 69. Ra3 Rg7 70. Rb3 h4 71. Rc3 Kg4 72. Rb3 Ra7 73. Kg2 Ra2 74. Rb4+ f4 75. Rb3 Re2 76. Ra3 Re5 77. Rb3 Rf5 78. Rb8 h3+ 79. Kg1 Ra5 80. Rb3 Ra1+ 81. Kh2 Rf1 82. Rxh3 Rxf2+ 83. Kg1 Re2 84. Rb3 Re3 85. Rb2 Kg3 86. Rg2+ Kf3 87. Rf2+ Ke4 88. Rb2 Kf3 89. Rf2+ Kg4 90. Rb2 Kh3 91. Rb8 Kg3 92. Rg8+ Kf3 93. Rb8 1/2-1/2

[Event "South America-ch U12 11th"]
[Site "Montevideo"]
[Date "2014.09.14"]
[Round "9"]
[White "Landa Medrano, Gabriel Aaron"]
[Black "Bonvini, Alberto Tonhati"]
[Result "0-1"]
[WhiteElo "1733"]
[BlackElo "1678"]
[PlyCount "114"]
[EventDate "2014.09.08"]
[EventType "swiss"]
[EventRounds "9"]
[EventCountry "URU"]
[SourceTitle "EXT 2016"]
[Source "ChessBase"]
[SourceDate "2015.10.08"]
[SourceVersion "1"]
[SourceVersionDate "2015.10.08"]
[SourceQuality "1"]

1. e4 e5 2. Nf3 Nc6 3. Bb5 a6 4. Ba4 Nf6 5. 0-0 b5 6. Bb3 Be7 7. Re1 0-0 8. c3 d5 9. exd5 Nxd5 10. Nxe5 Nxe5 11. Rxe5 c6 12. d4 Bd6 13. Re1 Qh4 14. g3 Qh3 15. Qf3 Bg4 16. Qg2 Qh5 17. Nd2 Rae8 18. Re4 Nf6 19. f3 Bxf3 20. Qxf3 Qxf3 21. Nxf3 Nxe4 22. Bf4 Bxf4 23. gxf4 Nf6 24. Ne5 Rc8 25. Re1 c5 26. dxc5 Rxc5 27. Nxf7 Rxf7 28. Re7 Nd5 29. Re5 Rd7 30. Kf2 Kf7 31. Kf3 Kf6 32. Ke4 Nxc3+ 33. bxc3 Rxe5+ 34. fxe5+ Ke7 35. Bd5 Rc7 36. Kd4 h5 37. h4 a5 38. a3 Kd7 39. Kd3 Rc8 40. Bf7 Rf8 41. Bxh5 Rf4 42. Ke3 Rxh4 43. Be2 b4 44. cxb4 axb4 45. Bb5+ Ke6 46. a4 Kxe5 47. a5 Kd6 48. a6 Kc7 49. Kd2 Kb6 50. Bf1 g5 51. Kc2 g4 52. Kb3 g3 53. Bg2 Kxa6 54. Bf1+ Ka5 55. Bg2 Rf4 56. Bd5 Rf2 57. Be4 g2 0-1

[Event "South America-ch U12 11th"]
[Site "Montevideo"]
[Date "2014.09.12"]
[Round "7"]
[White "Landa Medrano, Gabriel Aaron"]
[Black "Kapitanchuk, Tomas"]
[Result "1/2-1/2"]
[WhiteElo "1733"]
[BlackElo "1564"]
[PlyCount "86"]
[EventDate "2014.09.08"]
[EventType "swiss"]
[EventRounds "9"]
[EventCountry "URU"]
[SourceTitle "EXT 2016"]
[Source "ChessBase"]
[SourceDate "2015.10.08"]
[SourceVersion "1"]
[SourceVersionDate "2015.10.08"]
[SourceQuality "1"]

1. e4 c5 2. Nf3 d6 3. d4 cxd4 4. Nxd4 g6 5. Nc3 Bg7 6. Be3 Nf6 7. f3 0-0 8. Qd2 Nc6 9. Bc4 Bd7 10. 0-0-0 Ne5 11. Bb3 Rc8 12. Kb1 Nc4 13. Bxc4 Rxc4 14. g4 a6 15. Nb3 b5 16. g5 Nh5 17. Nd5 Be6 18. Na5 Bxd5 19. exd5 Rc8 20. Nc6 Qd7 21. Bd4 e6 22. Rhe1 Rfe8 23. Bxg7 Nxg7 24. Nb4 Qb7 25. dxe6 fxe6 26. Qxd6 a5 27. Nd3 Qxf3 28. Ne5 Qf5 29. Qd2 Rc7 30. Re2 Rec8 31. Rc1 b4 32. h4 Nh5 33. Nd3 Rd7 34. Qe3 Ng7 35. Qe4 Rcd8 36. Qe3 Re7 37. Rf2 Qd5 38. Nc5 Nf5 39. Qd3 Qxd3 40. Nxd3 Nxh4 41. Re1 Rd5 42. Ne5 Nf5 43. b3 Rd6 1/2-1/2

[Event "Lima Santisimo op"]
[Site "Lima"]
[Date "2014.08.31"]
[Round "4"]
[White "Guerra, Jose"]
[Black "Landa Medrano, Gabriel Aaron"]
[Result "1-0"]
[WhiteElo "1832"]
[BlackElo "1733"]
[PlyCount "90"]
[EventDate "2014.08.30"]
[EventType "swiss"]
[EventRounds "8"]
[EventCountry "PER"]
[SourceTitle "CBM 162 Extra"]
[Source "ChessBase"]
[SourceDate "2014.10.17"]
[SourceVersion "1"]
[SourceVersionDate "2014.10.17"]
[SourceQuality "1"]

1. e4 c5 2. Nc3 d6 3. f4 Nc6 4. Nf3 g6 5. Bc4 Bg7 6. 0-0 e6 7. d3 Nge7 8. Qe1 0-0 9. Bb3 Nd4 10. Nxd4 cxd4 11. Ne2 d5 12. Ng3 dxe4 13. Nxe4 Nf5 14. Bd2 b6 15. Ng3 Ne3 16. Bxe3 dxe3 17. Rb1 Bb7 18. Kh1 Qd4 19. Ne2 Qc5 20. Qg3 a5 21. a4 Rae8 22. c3 Kh8 23. d4 Qc6 24. Bc2 Bf6 25. Rg1 Bg7 26. Qxe3 f6 27. Qh3 Kg8 28. Ng3 Bc8 29. Qh4 Bb7 30. Be4 Qc7 31. Bxb7 Qxb7 32. Qg4 Qc6 33. Rge1 f5 34. Qd1 Bh6 35. Rf1 Qd6 36. Qf3 Qd7 37. b3 Rc8 38. Rbd1 Qd5 39. c4 Qd6 40. Ne2 Rfe8 41. Nc3 Qb4 42. Nb5 Bg7 43. Qe3 Rf8 44. Rd3 Bh6 45. Rfd1 Bg7 1-0

[Event "Lima Santisimo Nombre de Jesus 4"]
[Site "Lima"]
[Date "2014.08.05"]
[Round "4.7"]
[White "Landa Medrano, Gabriel Aaron"]
[Black "Anicama Orcon, Richard"]
[Result "1-0"]
[WhiteElo "1733"]
[BlackElo "1607"]
[PlyCount "69"]
[EventDate "2014.08.04"]
[EventType "swiss"]
[EventRounds "8"]
[EventCountry "PER"]
[SourceTitle "EXT 2024"]
[Source "ChessBase"]
[SourceDate "2023.10.10"]
[SourceVersion "1"]
[SourceVersionDate "2023.10.10"]
[SourceQuality "1"]

1. e4 e5 2. Nf3 Nc6 3. Bb5 d6 4. d4 Bd7 5. dxe5 Nxe5 6. Nxe5 dxe5 7. Qxd7+ Qxd7 8. Bxd7+ Kxd7 9. 0-0 Rd8 10. Nc3 c6 11. Be3 b6 12. f4 Ke6 13. fxe5 Bb4 14. Ne2 f6 15. Nd4+ Rxd4 16. Bxd4 fxe5 17. Bf2 Nf6 18. c3 Be7 19. Rfe1 Rd8 20. Bh4 Nd7 21. Bxe7 Kxe7 22. Rad1 Nf6 23. Rxd8 Kxd8 24. h3 Ke7 25. Kf2 Nd7 26. Ke3 Nc5 27. b3 a5 28. Rf1 Ne6 29. Rf5 g6 30. Rxe5 Kd6 31. Rxe6+ Kxe6 32. Kf4 h6 33. e5 Kd5 34. c4+ Kd4 35. e6 1-0

[Event "Lima Santisimo Nombre de Jesus 3"]
[Site "Lima"]
[Date "2014.06.29"]
[Round "7"]
[White "Cosme Contreras, Trilce"]
[Black "Landa Medrano, Gabriel Aaron"]
[Result "1/2-1/2"]
[WhiteElo "1660"]
[BlackElo "1733"]
[PlyCount "60"]
[EventDate "2014.06.21"]
[EventType "swiss"]
[EventRounds "8"]
[EventCountry "PER"]
[SourceTitle "EXT 2024"]
[Source "ChessBase"]
[SourceDate "2023.10.10"]
[SourceVersion "1"]
[SourceVersionDate "2023.10.10"]
[SourceQuality "1"]

1. c4 e5 2. Nc3 Nc6 3. g3 Nf6 4. Bg2 Bb4 5. e3 Bxc3 6. bxc3 e4 7. Ne2 Ne5 8. Qc2 d5 9. Nf4 Nxc4 10. 0-0 0-0 11. d3 exd3 12. Qxd3 c6 13. e4 Nb6 14. exd5 Nfxd5 15. Nxd5 cxd5 16. Ba3 Re8 17. Bc5 Be6 18. Bxb6 axb6 19. Rfd1 Qc7 20. Bxd5 Rad8 21. Qb5 Bxd5 22. Rxd5 Qxc3 23. Rad1 Re1+ 24. Kg2 Rxd1 25. Rxd1 Qc7 26. Rb1 Ra8 27. Qxb6 Qxb6 28. Rxb6 Rxa2 29. Rxb7 g6 30. h4 h5 1/2-1/2

[Event "Lima Santisimo Nombre de Jesus 3"]
[Site "Lima"]
[Date "2014.06.28"]
[Round "6"]
[White "Landa Medrano, Gabriel Aaron"]
[Black "Flores Quillas, Diego Saul Rodrigo"]
[Result "1-0"]
[WhiteElo "1733"]
[BlackElo "1600"]
[PlyCount "103"]
[EventDate "2014.06.21"]
[EventType "swiss"]
[EventRounds "8"]
[EventCountry "PER"]
[SourceTitle "EXT 2024"]
[Source "ChessBase"]
[SourceDate "2023.10.10"]
[SourceVersion "1"]
[SourceVersionDate "2023.10.10"]
[SourceQuality "1"]

1. d4 Nf6 2. c4 g6 3. Nc3 Bg7 4. g3 0-0 5. Bg2 d6 6. Nf3 Nbd7 7. 0-0 e5 8. e4 c6 9. Rb1 Re8 10. Re1 exd4 11. Nxd4 Ne5 12. b3 a5 13. h3 Qc7 14. Bb2 Ned7 15. Ndb5 cxb5 16. Nxb5 Qc5 17. Bd4 Qh5 18. Nc7 Qxd1 19. Rbxd1 Rb8 20. Nxe8 Nxe8 21. Bxg7 Kxg7 22. f4 b5 23. cxb5 Rxb5 24. e5 dxe5 25. Bc6 Rc5 26. Bxd7 Bxd7 27. Rxd7 Kf6 28. Rxe5 Rc1+ 29. Kf2 Ng7 30. g4 h6 31. h4 g5 32. Rd6+ Ne6 33. hxg5+ hxg5 34. Re1 Rc2+ 35. Re2 Rxe2+ 36. Kxe2 Ke7 37. Ra6 Nxf4+ 38. Kf3 Ne6 39. Rxa5 Kd6 40. Ra6+ Ke7 41. Rxe6+ fxe6 42. a4 Kd6 43. a5 Kd5 44. Kf2 Kd4 45. Kf3 Kd3 46. a6 e5 47. a7 e4+ 48. Kf2 Kd2 49. a8Q e3+ 50. Kg2 e2 51. Qd5+ Kc2 52. Kf2 1-0

[Event "Pan American-ch U10 24th"]
[Site "Pocos de Caldas"]
[Date "2013.07.30"]
[Round "8.3"]
[White "Landa Medrano, Gabriel Aaron"]
[Black "Mollo, Jhoan"]
[Result "1-0"]
[WhiteElo "1695"]
[BlackElo "1560"]
[PlyCount "101"]
[EventDate "2013.07.25"]
[EventType "swiss"]
[EventRounds "9"]
[EventCountry "BRA"]
[SourceTitle "EXT 2016"]
[Source "ChessBase"]
[SourceDate "2015.10.08"]
[SourceVersion "1"]
[SourceVersionDate "2015.10.08"]
[SourceQuality "1"]

1. e4 c5 2. Nf3 d6 3. Bb5+ Bd7 4. Bxd7+ Qxd7 5. c4 Nc6 6. d4 cxd4 7. Nxd4 Nf6 8. Nc3 g6 9. b3 Bg7 10. Bb2 0-0 11. 0-0 Nxd4 12. Qxd4 Qc6 13. Nd5 Rae8 14. Qd3 Nh5 15. Bxg7 Nxg7 16. f4 f5 17. e5 Kf7 18. exd6 Qxd6 19. Rad1 Rd8 20. Qe3 a6 21. Rfe1 Qa3 22. Nc7 Rxd1 23. Rxd1 Rc8 24. Nd5 Rd8 25. Re1 e6 26. Nc3 Qd6 27. Rd1 Qc7 28. Rd4 Rxd4 29. Qxd4 Nh5 30. g3 Nf6 31. Qf2 Nd7 32. Qe3 Qc5 33. Qxc5 Nxc5 34. Kf2 Ke7 35. Ke3 b6 36. b4 Nd7 37. Kd4 Kd6 38. Ne2 h6 39. h3 h5 40. h4 Nf6 41. c5+ bxc5+ 42. bxc5+ Kd7 43. c6+ Kxc6 44. Ke5 Ng4+ 45. Kxe6 Kc5 46. Kf7 Kc4 47. Kxg6 Kd3 48. Nc1+ Ke3 49. Kxf5 Kf3 50. Kg5 Kxg3 51. f5 1-0

[Event "Pan American-ch U10 24th"]
[Site "Pocos de Caldas"]
[Date "2013.07.30"]
[Round "7.1"]
[White "Peng, David T"]
[Black "Landa Medrano, Gabriel Aaron"]
[Result "1-0"]
[WhiteElo "2017"]
[BlackElo "1695"]
[PlyCount "87"]
[EventDate "2013.07.25"]
[EventType "swiss"]
[EventRounds "9"]
[EventCountry "BRA"]
[SourceTitle "EXT 2016"]
[Source "ChessBase"]
[SourceDate "2015.10.08"]
[SourceVersion "1"]
[SourceVersionDate "2015.10.08"]
[SourceQuality "1"]

1. e4 c5 2. Nf3 d6 3. d4 cxd4 4. Nxd4 Nf6 5. Nc3 a6 6. Be3 e5 7. Nb3 Be6 8. f3 Nbd7 9. Qd2 Be7 10. 0-0-0 0-0 11. g4 b5 12. Qf2 Bxg4 13. Rg1 Bh5 14. Qg2 Bg6 15. Ne2 Rc8 16. Ng3 d5 17. Bd3 d4 18. Bd2 Re8 19. h4 Bf8 20. a3 Re6 21. Ne2 Qe8 22. Rde1 Nb6 23. Bb4 Nc4 24. Bxf8 Qxf8 25. Ng3 Ne3 26. Qh2 Bh5 27. Nxh5 Nxh5 28. Kb1 Nf4 29. Nxd4 exd4 30. Qxf4 b4 31. e5 Rd8 32. axb4 Qxb4 33. Rxe3 Rb8 34. Bxh7+ Kxh7 35. Rb3 Qf8 36. Rxb8 Qxb8 37. Qxf7 Qxe5 38. Rg5 Qxg5 39. hxg5 Rg6 40. Qf5 a5 41. b3 a4 42. bxa4 d3 43. cxd3 Kh8 44. Qxg6 1-0